| 000 | 00601nam a22002177a 4500 | ||
|---|---|---|---|
| 005 | 20240322160733.0 | ||
| 008 | 240322b |||||||| |||| 00| 0 eng d | ||
| 020 |
_a0023229926 _cRs.5436.00 |
||
| 040 | _aLoreto College | ||
| 041 | _aEnglish | ||
| 082 |
_a363.7 _bCOC |
||
| 100 | _aCoch,Nicholas K. | ||
| 245 |
_aGeohazards _bNatural and human _cNicholas K.Coch |
||
| 260 |
_aNew Jersey _bPrentice Hall _c1995 |
||
| 300 |
_axix,481p _b24cm |
||
| 504 | _aIncludes glossary and index | ||
| 650 | _aNatural geohazards | ||
| 650 | _aMan made environmental problems | ||
| 850 | _aLCLIB | ||
| 942 | _cBK | ||
| 999 |
_c43713 _d94192 |
||